Financial and Economic Review Scientific Journal of the Magyar Nemzeti Bank

Teoretické a praktické prístupy v oblasti ekonómie. Ekonomické tendencie prechádzajúce zmenami z finančných a hospodárskych kríz. Finančný a ekonomický prehľad sociálnych vied.

Gespeichert in:
Bibliographische Detailangaben
Format: Schriftenreihe
Sprache:Englisch
Veröffentlicht: Budapest Magyar Nemzeti Bank
Schlagworte:
Tags: Tag hinzufügen
Keine Tags, Fügen Sie das erste Tag hinzu!

MARC

LEADER 00000nas1a2200000 4500
001 0240559
005 20251219131242.1
022 |a 2415-9271 
022 |a 2415-928X 
041 0 |a eng 
044 |a HU 
245 1 0 |a Financial and Economic Review  |b Scientific Journal of the Magyar Nemzeti Bank 
264 1 |a Budapest  |b Magyar Nemzeti Bank 
520 |a Teoretické a praktické prístupy v oblasti ekonómie. Ekonomické tendencie prechádzajúce zmenami z finančných a hospodárskych kríz. Finančný a ekonomický prehľad sociálnych vied. 
610 2 0 |a ekonómia 
610 2 0 |a veda ekonomická 
610 2 0 |a vedy spoločenské 
610 2 0 |a procesy sociálno-ekonomické 
610 2 0 |a demografia ekonomická 
610 2 0 |a kríza finančná 
610 2 0 |a kríza hospodárska